[Event "NOR-ch Class2"]
[Site "Lillehammer"]
[Date "2013.06.29"]
[Round "5"]
[White "Aas, Finn Henrik"]
[Black "Bjornes, Leif"]
[Result "1/2-1/2"]
[WhiteElo "1665"]
[BlackElo "1709"]
[PlyCount "36"]
[EventDate "2013.06.29"]
[EventType "swiss"]
[EventRounds "9"]
[EventCountry "NOR"]
[SourceTitle "EXT 2017"]
[Source "ChessBase"]
[SourceDate "2016.10.25"]
[SourceVersion "1"]
[SourceVersionDate "2016.10.25"]
[SourceQuality "1"]

1. e4 c6 2. d4 d5 3. Nc3 dxe4 4. Nxe4 Nf6 5. Ng3 h5 6. Qd3 h4 7. Ne4 Nxe4 8. Qxe4 Nd7 9. h3 Nf6 10. Qd3 g6 11. c3 Bf5 12. Qd1 Qc7 13. Nf3 0-0-0 14. Qa4 Rd5 15. Bc4 Kb8 16. Bxd5 Nxd5 17. Qd1 f6 18. Qe2 Bh6 1/2-1/2

[Event "NOR-ch Class2"]
[Site "Lillehammer"]
[Date "2013.06.29"]
[Round "6"]
[White "Aas, Finn Henrik"]
[Black "Skrede, Snorre"]
[Result "1/2-1/2"]
[WhiteElo "1665"]
[BlackElo "1567"]
[PlyCount "59"]
[EventDate "2013.06.29"]
[EventType "swiss"]
[EventRounds "9"]
[EventCountry "NOR"]
[SourceTitle "EXT 2017"]
[Source "ChessBase"]
[SourceDate "2016.10.25"]
[SourceVersion "1"]
[SourceVersionDate "2016.10.25"]
[SourceQuality "1"]

1. e4 c5 2. Nf3 g6 3. c3 d5 4. exd5 Qxd5 5. d4 Bg7 6. Be3 cxd4 7. cxd4 Nf6 8. Nc3 Qa5 9. Bb5+ Nbd7 10. 0-0 0-0 11. Re1 a6 12. Bxd7 Bxd7 13. Bf4 Rfe8 14. Ne5 Be6 15. Qf3 Bd5 16. Qe3 Rac8 17. h3 Be6 18. a3 Nd5 19. Nxd5 Qxd5 20. Rac1 b6 21. Nf3 Bf6 22. Bc7 Qb7 23. Be5 Rxc1 24. Rxc1 Rc8 25. Rxc8+ Qxc8 26. Qh6 Bxe5 27. dxe5 Qf8 28. Qe3 Qd8 29. Ng5 Qc8 30. Nxe6 1/2-1/2